00181nam a2200073Ia 4500008004100000100001900041245002900060260001800089170817s9999 xx 000 0 und d aRani.T.Swarupa 0aTeaching Of Mathematics bA. P. H. PUB.